UBT Library

Technologie, Wachstum und Beschäftigung : (Record no. 244)

000 -LEADER
fixed length control field 00681nam a22002177a 4500
008 - FIXED-LENGTH DATA ELEMENTS--GENERAL INFORMATION
fixed length control field 131107b xxu||||| |||| 00| 0 eng d
020 ## - INTERNATIONAL STANDARD BOOK NUMBER
International Standard Book Number 0387180664
041 0# - LANGUAGE CODE
Language code of text/sound track or separate title ger
080 ## - UNIVERSAL DECIMAL CLASSIFICATION NUMBER
Universal Decimal Classification number 331 : 32
100 ## - Rafti
Rafti Henn, Rudolf
245 00 - TITLE STATEMENT
Title Technologie, Wachstum und Beschäftigung :
Statement of responsibility, etc herausgegeben Rudolf Henn.
260 ## -
-- Berlin ;
-- New York :
-- Springer-Verlag,
-- c1987.
300 ## -
-- 1047 f. :
-- me il. ;
-- 25 cm.
500 ## -
-- Autorenverzeichnis = [Fjalor i autorëve] : 1041 - 1045
650 #0 -
-- Teknologji
-- Kongreset
650 #0 -
-- Punësimi
650 #0 -
-- Politika
700 ## -
-- Späth, Lothar,
700 ## -
-- Henn, Rudolf.
942 ## - ADDED ENTRY ELEMENTS (KOHA)
Source of classification or shelving scheme
Item type Books
Holdings
Withdrawn status Lost status Source of classification or shelving scheme Damaged status Not for loan Collection code Permanent location Current location Shelving location Date acquired Total Checkouts Full call number Barcode Date last seen Koha item type
          Koleksioni i përgjithshem UBT - Prishtine UBT - Prishtine Koleksioni i përgjithshem 11/07/2013   331 : 32 HEN 001-000283 11/07/2013 Books
UBT Library © 2015-2024. All rights reserved University Education for Business and Technology